000 00253nam a2200109Ia 4500
008 240625s9999 xx 000 0 und d
041 _aeng
082 _a413 OXF
100 _aOXFORD
245 _aOXFORD LEARNER S DICTIONARY OF ACADEMIC
260 _c2014
999 _c35263
_d35263